Disaster Management : humanitarian logistics in relief operations (Record no. 444223)

000 -LEADER
fixed length control field 00461cam a22001577a 4500
008 - FIXED-LENGTH DATA ELEMENTS--GENERAL INFORMATION
fixed length control field 180718b2014 xxu||||| |||| 00| 0 eng d
020 ## - INTERNATIONAL STANDARD BOOK NUMBER
International Standard Book Number 9788192773926
082 ## - DEWEY DECIMAL CLASSIFICATION NUMBER
Classification number Q39 D22
100 ## - MAIN ENTRY--PERSONAL NAME
Personal name Dangi, H.K.
245 ## - TITLE STATEMENT
Title Disaster Management : humanitarian logistics in relief operations
Statement of responsibility, etc. by H.K. Dangi
260 ## - PUBLICATION, DISTRIBUTION, ETC.
Place of publication, distribution, etc. New Delhi
Name of publisher, distributor, etc. Index International
Date of publication, distribution, etc. 2014
300 ## - PHYSICAL DESCRIPTION
Extent 158p.
650 ## - SUBJECT ADDED ENTRY--TOPICAL TERM
Topical term or geographic name entry element Logistics
650 ## - SUBJECT ADDED ENTRY--TOPICAL TERM
Topical term or geographic name entry element Humanitarian assistance
650 ## - SUBJECT ADDED ENTRY--TOPICAL TERM
Topical term or geographic name entry element Disaster relief
Holdings
Withdrawn status Lost status Damaged status Not for loan Permanent Location Current Location Date acquired Full call number Barcode Date last seen Price effective from Koha item type
        Indian Institute of Public Administration Indian Institute of Public Administration 2014-11-03 Q39 D22 85998 2018-07-21 2018-07-21 Book

Powered by Koha